000 01882cam a22004454i 4500
003 PE-LiUPU
005 20250731172816.0
008 150617s r 000 0 d
035 _a(Sirsi) a13830
040 _aPE-LiUPU
_bspa
_cPE-LiUPU
_erda
049 _aPRUA
082 0 4 _a232.9
_bG65
_221
100 1 _aGordon, S. D.
_q(Samuel Dickey),
_d1859-1936.,
_eautor.
245 1 0 _aQuiet talks about Jesus /
_cS. D. Gordon.
264 1 _aCincinnati :
_bJennings & Graham,
_c1906.
300 _a290 páginas ;
_c19 cm
336 _atext
_2rdacontent
337 _aunmediated
_2rdamedia
338 _avolume
_2rdacarrier
505 0 _aA bit ahead. -The purpose of Jesus. -The purpose in Jesus' coming. -The plan for Jesus coming. -The tragic break in the plan. -Some surprising resultas of the tragic break. -The person of Jesus. -The human Jesus. -The divine Jesus. -The winsome Jesus. -The great experiences of Jesus' life. -The Jordan: The decisive start. -The wilderness: Temptation. -The transfiguration: An emergency measure. -Gethsemane: The strange, Lone struggle. -Calvary: Victory. -The resurrection: Gravity Upward. -The ascension: Back home Again Until.
526 _aSEG42
526 _aSEG41
526 _aSEG40
526 _aSEG39
526 _aP94
526 _aP87
526 _aP86
526 _aP85
526 _aP77
526 _aP76
526 _aP35
600 1 _aJesucristo
910 _ajck
_bjvq
_cjck
_d20150616
942 _2ddc
_cBOOK
949 _a232.9 G65
_wDEWEY
_c1
_i00839
_lCCODEBUL1
_mBUL
_p00.00
_r0
_sY
_tBOOK
_u2015-04-21
_xTEOLOGIA
_PP35
_0COMPRA
_o.STAFF. Colección General
994 _aC0
_bPEPRU
596 _a1
999 _a232.9 G65
_wDEWEY
_c4241
_i00839
_f2021-11-11
_g5
_lCCODEBUL1
_mBUL
_r0
_sY
_tBOOK
_u2015-4-21
_xTEOLOGIA
_PP35
_0COMPRA
_o.STAFF. Colección General
_d4241
980 _81
_gALBERTO SANCHEZ Responsable de Automatización